MARC

LEADER 00000nam0a2200000 4500
001 280958
005 20231101235345.0
020 |a RU  |b 86-87564 
035 |a (RuTPU)RU\TPU\book\304542 
090 |a 280958 
100 |a 20150116d1986 k y0rusy5003 ca 
101 0 |a rus 
102 |a RU 
105 |a y z 001zy 
200 1 |a Совершенствование механизма управления научно-техническим прогрессом в машиностроении  |e сборник статей  |f Омский политехнический институт (ОмПИ) ; под ред. А. Я. Барышникова 
210 |a Омск  |c Изд-во ОмПИ  |d 1986 
215 |a 112 с. 
320 |a Библиогр. в конце ст. 
606 1 |a Машиностроение  |x Технический прогресс  |2 stltpush  |3 (RuTPU)RU\TPU\subj\41430  |9 61221 
610 1 |a машиностроительные заводы 
610 1 |a экономика 
610 1 |a научно-технический прогресс 
610 1 |a управление 
610 1 |a планирование 
610 1 |a экономическое стимулирование 
610 1 |a квалиметрия 
610 1 |a ресурсная эффективность 
610 1 |a новая техника 
675 |a 621.002:658.589  |v 3 
702 1 |a Барышников  |b А. Я.  |g Анатолий Яковлевич  |4 340 
712 0 2 |a Омский политехнический институт (ОмПИ)  |c (1963-1993)  |2 stltpush  |3 (RuTPU)RU\TPU\col\8042 
801 0 |a RU  |b RuMRKP  |c 19950704  |g psbo 
801 1 |a RU  |b 63413507  |c 20150116 
801 2 |a RU  |b 63413507  |c 20170614  |g RCR 
942 |c BK